Т. 1; Проблемы палеонтологии

Dades bibliogràfiques
Parent link:Проблемы палеонтологии/ Московский государственный университет, Палеонтологическая лаборатория ; под ред. А. П. Гартман-Вейнберга. Т. 1.— , 1936-
Idioma:rus
anglès
francès
alemany
Publicat:
Matèries:
Format: MixedMaterials Llibre
KOHA link:https://koha.lib.tpu.ru/cgi-bin/koha/opac-detail.pl?biblionumber=231148

MARC

LEADER 00000nam2a2200000 4500
001 231148
005 20231101231046.0
035 |a (RuTPU)RU\TPU\book\252164 
090 |a 231148 
100 |a 20130130d1936 k y0rusy50 ca 
101 0 |a rus  |a eng  |a fre  |a ger 
102 |a RU 
200 0 |a Т. 1 
215 |a 322 с.  |c ил. 
316 |5 63413507: КР-677  |a С автографом редактора 
317 |5 63413507: КР-677  |a Поступила в НТБ в 2004 г. в составе книжного собрания профессора ТПИ К. В. Радугина. 
320 |a Библиогр. в конце ст. 
461 1 |0 (RuTPU)RU\TPU\book\253767  |t Проблемы палеонтологии  |f Московский государственный университет, Палеонтологическая лаборатория ; под ред. А. П. Гартман-Вейнберга  |v Т. 1  |d 1936- 
606 1 |a Палеонтология  |2 stltpush  |3 (RuTPU)RU\TPU\subj\47998  |9 66880 
610 1 |a водоросли 
610 1 |a стегосистемы 
610 1 |a стегоцефалы 
610 1 |a фораминиферы 
610 1 |a позвоночные 
610 1 |a палеонтология 
610 1 |a палеобиология 
610 1 |a плауны 
610 1 |a юрские отложения 
610 1 |a библиотека К. В. Радугина 
610 1 |a дарственная надпись 
675 |a 56  |v 3 
801 1 |a RU  |b 63413507  |c 20130130 
801 2 |a RU  |b 63413507  |c 20201028  |g RCR 
942 |c BK